Trouver la chanson #2 - Statistiques

Statistiques générales
  • Ce quiz a été pris 91 fois
  • Le résultat moyen est 152 sur 315
Statistiques - réponses
Réponse % Correct
j
97%
à
96%
a
96%
je
92%
la
92%
le
91%
il
87%
de
84%
elle
81%
se
80%
et
76%
les
76%
ou
72%
que
72%
ce
71%
pour
71%
un
70%
ça
67%
sa
66%
son
66%
dans
65%
une
65%
des
63%
au
59%
h
59%
vous
59%
par
58%
qui
58%
ils
54%
sur
53%
comme
52%
moi
51%
tout
49%
danse
48%
dit
47%
du
47%
elles
47%
quand
44%
bon
43%
beau
42%
jerk
42%
nuit
42%
lui
41%
belle
39%
musique
39%
oh
39%
aller
38%
aux
38%
etes
35%
journée
35%
soir
35%
tous
35%
Toute
35%
toute
35%
bus
34%
danser
34%
sous
34%
na
33%
matin
32%
sent
32%
machine
30%
taper
30%
telephone
30%
yeux
30%
17
29%
18
29%
dansent
29%
leur
29%
mange
29%
attend
28%
chez
27%
joséphine
27%
josephine
27%
joue
27%
pop
27%
prend
27%
sort
27%
cousine
25%
gogo
25%
hormones
25%
passe
25%
poulet
25%
tour
25%
berthe
24%
cantine
24%
carbone
24%
club
24%
rivés
24%
termine
24%
trombone
24%
usine
24%
ah
23%
bureau
23%
ensemble
23%
l'oxyde
23%
marierent
23%
mignonne
23%
poitrine
23%
qu'ils
23%
roger
23%
vient
23%
beaucoup
22%
d'hiver
22%
john
22%
magazines
22%
newton
22%
olivia
22%
stroboscopes
22%
admire
20%
alphonse
20%
droit
20%
eclairs
20%
fanfare
20%
jouerai
20%
lenine
20%
lennon
20%
l'usine
20%
midis
20%
parton
20%
poser
20%
pourrait
20%
prénommerent
20%
qu'avec
20%
rencontra
20%
travaille
20%
dimanches
19%
dolly
19%
genre
19%
gustave
19%
philibert
19%
venez
19%
apprirent
18%
file
18%
kelton
18%
prennent
18%
arthur
16%
aussitot
16%
courent
16%
speakerine
15%
woodstock
14%
ensembles
13%
ouh
10%
quadruplets
5%
eureut
0%
Aucun quiz correspondant
Distribution des résultats
% des personnes avec chaque résultat
Percentile par nombre de réponses
Votre historique - résultats
Vous n’avez pas pris ce quiz